| 000 | 01073nas a2200253Ia 4500 | ||
|---|---|---|---|
| 001 | R105/44462 | ||
| 003 | IT-RoPAU | ||
| 008 | 151124c99999999xx |||||||||||| ||und|| | ||
| 040 | _aIT-RoPAU | ||
| 040 | _cIT-RoPAU | ||
| 041 | _aFRANCESE | ||
| 100 |
_aDurand Jacques _gCodice Aut. SPICS: 18311 |
||
| 210 | _aCAHIERS DE LA COMMUNICATIONS | ||
| 222 | _aCahiers De La Communications | ||
| 245 |
_aCAHIERS DE LA COMMUNICATION (LES), VOL.3-N.5 (1983) _bConsommation Des Medias (La): Recherche D'Un Modele |
||
| 250 | _a1a ed. | ||
| 260 |
_aPARIS _bDUNOD/BORDAS _c1983 |
||
| 501 |
_bPaulus - SPICS - Società San Paolo EM (non-commercial uses only) _cCopyright2015 |
||
| 300 | _a24 p. [403-426] | ||
| 362 | _aVOL.3, N.05 (1983) | ||
| 500 | _aConsumo-Dei-Media Ricerca-Di-Un-Modello Schema-Di-Un-Modello-Di-Comportamento-Del-Lettore-O-Dell'Uditore Modelli-Di-Comunicazione Teoria-Dell'Informazione Modelli-Sociali-Della-Comunicazione Dialettica-Consumo-Comunicazione Opposizione-Consumo-Comunicazio | ||
| 650 |
_aCOMUNICAZIONE _vPUBBLICAZIONE PERIODICA |
||
| 942 | _cCR | ||
| 999 |
_c185199 _d185199 |
||